| 000 | 00941nac a22002891u 4500 | ||
|---|---|---|---|
| 008 | 110703t2001 maua frbd 001 0 eng d | ||
| 010 | _a 00027779 | ||
| 020 | _a0073659983 | ||
| 020 | _a0072384409 | ||
| 020 | _a9780072384406 | ||
| 040 |
_aEG-ScBUE _beng _cEG-ScBUE _dEG-ScBUE |
||
| 082 | 0 | 0 |
_a006.6 _bHOF _222 |
| 100 | 1 |
_aHofstetter, Fred T. _q(Fred Thomas), _d1949- |
|
| 245 | 1 | 0 |
_aMultimedia literacy / _cby Fred T. Hofstetter. |
| 250 | _a3rd ed. | ||
| 260 |
_aBoston : _bIrwin / McGraw-Hill, _cc.2001. |
||
| 300 |
_axxxiii, 418 p. : _bill. (col.) ; _c28 cm. + _e1 computer laser optical discs (4 3/4 in.) |
||
| 500 | _aIndex : p. [411]-418. | ||
| 500 | _aIncludes glossary. | ||
| 504 | _aBibliography: p. [405]-407. | ||
| 650 | 0 |
_aMultimedia systems. _2BUEsh _926077 |
|
| 650 | 0 |
_aComputer literacy. _2BUEsh _926078 |
|
| 651 | _2BUEsh | ||
| 653 |
_bCOMAME _bCOMSCI _cOctober2016 |
||
| 655 |
_vReading book _934232 |
||
| 942 | _2ddc | ||
| 999 |
_c9004 _d9004 |
||